[Event "Martorell op 35th"]
[Site "Martorell"]
[Date "2017.09.30"]
[Round "3"]
[White "Canovas Quesada, Joan Josep"]
[Black "Marti Olivella, Gerard"]
[Result "1-0"]
[WhiteElo "1859"]
[BlackElo "1677"]
[PlyCount "61"]
[EventDate "2017.09.16"]
[EventType "swiss"]
[EventRounds "9"]
[EventCountry "ESP"]
[SourceTitle "CBM 189 Extra"]
[Source "ChessBase"]
[SourceDate "2019.06.03"]
[SourceVersion "1"]
[SourceVersionDate "2019.06.03"]
[SourceQuality "1"]

1. e4 d5 2. exd5 Qxd5 3. Nc3 Qd6 4. d4 Nf6 5. Nf3 c6 6. Bc4 Bg4 7. d5 b5 8. Nxb5 cxb5 9. Bxb5+ Nbd7 10. Bc6 Rc8 11. 0-0 g6 12. c4 Bg7 13. h3 Bxf3 14. Qxf3 0-0 15. Bf4 Qb4 16. b3 Nb6 17. a3 Qc5 18. Be3 Qa5 19. b4 Qa6 20. c5 Nc4 21. Qe2 Rfd8 22. Rac1 Nxd5 23. Bxd5 Rxd5 24. Qxc4 Qxc4 25. Rxc4 Rd3 26. a4 Kf8 27. c6 a6 28. Rcc1 Rd5 29. b5 axb5 30. axb5 Ke8 31. b6 1-0

[Event "Martorell op 35th"]
[Site "Martorell"]
[Date "2017.09.23"]
[Round "2"]
[White "Planella Sanchez, Jordi"]
[Black "Canovas Quesada, Joan Josep"]
[Result "1-0"]
[WhiteElo "1954"]
[BlackElo "1859"]
[PlyCount "75"]
[EventDate "2017.09.16"]
[EventType "swiss"]
[EventRounds "9"]
[EventCountry "ESP"]
[SourceTitle "CBM 189 Extra"]
[Source "ChessBase"]
[SourceDate "2019.06.03"]
[SourceVersion "1"]
[SourceVersionDate "2019.06.03"]
[SourceQuality "1"]

1. d4 d5 2. Nf3 Nf6 3. e3 Bg4 4. h3 Bh5 5. c4 e6 6. Qb3 b6 7. Be2 Bxf3 8. Bxf3 c6 9. Nc3 Be7 10. 0-0 0-0 11. Bd2 Nbd7 12. Rfc1 Rc8 13. Rc2 dxc4 14. Qxc4 c5 15. Qa6 cxd4 16. exd4 e5 17. dxe5 Nxe5 18. Be2 Rc7 19. Rac1 Qc8 20. Qxc8 Rfxc8 21. Ba6 Rd8 22. Bf4 Nfd7 23. Nd5 Rxc2 24. Nxe7+ Kf8 25. Rxc2 Kxe7 26. Rc7 Kf6 27. Rxa7 Nc5 28. Bxe5+ Kxe5 29. Bc4 f5 30. Rxg7 Rd1+ 31. Kh2 Ne4 32. f3 Nf2 33. Kg3 Nh1+ 34. Kh2 f4 35. Rg5+ Kf6 36. Rd5 Re1 37. Rd4 Kg5 38. h4+ 1-0

[Event "Vilafranca del Penedes op 11th"]
[Site "Vilafranca del Penedes"]
[Date "2017.05.26"]
[Round "8"]
[White "Canovas Quesada, Joan Josep"]
[Black "Gallego Montes, Antonio"]
[Result "1-0"]
[WhiteElo "1996"]
[BlackElo "2057"]
[PlyCount "77"]
[EventDate "2017.03.31"]
[EventType "swiss"]
[EventRounds "8"]
[EventCountry "ESP"]
[SourceTitle "EXT 2018"]
[Source "ChessBase"]
[SourceDate "2017.10.13"]
[SourceVersion "1"]
[SourceVersionDate "2017.10.13"]
[SourceQuality "1"]

1. e4 d5 2. exd5 Qxd5 3. Nc3 Qa5 4. d4 Nf6 5. Nf3 Nc6 6. d5 Nb4 7. Bb5+ c6 8. dxc6 bxc6 9. Bd3 Nxd3+ 10. Qxd3 Ba6 11. Qd4 e6 12. Qa4 Qxa4 13. Nxa4 Ne4 14. Ng5 Nxg5 15. Bxg5 f6 16. Be3 Bb5 17. Nc5 Bxc5 18. Bxc5 0-0-0 19. a4 Ba6 20. Bxa7 Kb7 21. Bc5 Rd5 22. b4 Rhd8 23. Be3 h6 24. f3 f5 25. Kf2 g5 26. g3 Bc4 27. h4 f4 28. gxf4 gxf4 29. Bxf4 Rf5 30. Bxh6 e5 31. Rhg1 e4 32. Rg3 Rd6 33. Bg5 Re6 34. f4 Rd5 35. Re3 Rd2+ 36. Kg3 Rxc2 37. f5 Re8 38. Rae1 Bd3 39. Rxd3 1-0

[Event "Vilafranca del Penedes op 11th"]
[Site "Vilafranca del Penedes"]
[Date "2017.04.28"]
[Round "4"]
[White "Canovas Quesada, Joan Josep"]
[Black "Vilella Bertran, Joan"]
[Result "1/2-1/2"]
[WhiteElo "1996"]
[BlackElo "2204"]
[PlyCount "51"]
[EventDate "2017.03.31"]
[EventType "swiss"]
[EventRounds "8"]
[EventCountry "ESP"]
[SourceTitle "EXT 2018"]
[Source "ChessBase"]
[SourceDate "2017.10.13"]
[SourceVersion "1"]
[SourceVersionDate "2017.10.13"]
[SourceQuality "1"]

1. e4 e6 2. d3 d5 3. Nd2 Nf6 4. Ngf3 c5 5. g3 Nc6 6. Bg2 Be7 7. 0-0 b5 8. Re1 0-0 9. e5 Nd7 10. h4 a5 11. Nf1 Ba6 12. N1h2 b4 13. Ng4 Qb6 14. Bf4 a4 15. a3 bxa3 16. bxa3 Rfb8 17. Ng5 Bxg5 18. hxg5 Qb2 19. Bxd5 exd5 20. e6 fxe6 21. Bxb8 Qxb8 22. Rxe6 Nd4 23. Rb1 Qf8 24. Re3 Re8 25. Rxe8 Qxe8 26. Kg2 1/2-1/2

[Event "Vall del Tenes op 3rd"]
[Site "Santa Eulalia de Roncana"]
[Date "2014.06.06"]
[Round "7"]
[White "Canovas Quesada, Joan Josep"]
[Black "Argemi Camp, Jaume"]
[Result "1-0"]
[WhiteElo "2008"]
[BlackElo "1885"]
[PlyCount "129"]
[EventDate "2014.04.25"]
[EventType "swiss"]
[EventRounds "8"]
[EventCountry "ESP"]
[SourceTitle "CBM 160 Extra"]
[Source "ChessBase"]
[SourceDate "2014.07.01"]
[SourceVersion "1"]
[SourceVersionDate "2014.07.01"]
[SourceQuality "1"]

1. e4 e6 2. d3 d6 3. Nf3 g6 4. g3 Bg7 5. Bg2 Nf6 6. 0-0 0-0 7. c3 Nbd7 8. Re1 e5 9. Nbd2 c6 10. Nf1 a5 11. h4 h5 12. Bg5 Qb6 13. Qd2 a4 14. Ne3 a3 15. Nc4 Qc7 16. Nxa3 Nc5 17. Nc2 Ne6 18. Bh6 Nc5 19. Bxg7 Kxg7 20. Ne3 Be6 21. b4 Na4 22. Ng5 Bd7 23. d4 Rad8 24. f4 Ng4 25. Nxg4 Bxg4 26. f5 gxf5 27. Qc2 Nb6 28. exf5 Rh8 29. Qf2 Nc4 30. a4 Qd7 31. f6+ Kh6 32. a5 Bf5 33. Nxf7+ Qxf7 34. Qxf5 Qg6 35. Qxg6+ Kxg6 36. a6 bxa6 37. Bxc6 Kxf6 38. Rxa6 Kf5 39. Bd5 Nb2 40. dxe5 dxe5 41. Be6+ Kf6 42. Rf1+ Ke7 43. Rf7+ Ke8 44. Raa7 Rd1+ 45. Kg2 Rh6 46. Rg7 Rh8 47. Ra8+ Rd8 48. Bf7+ Ke7 49. Bxh5+ Kf6 50. Rf7+ Ke6 51. Ra6+ Kd5 52. Ra5+ Kc4 53. Rc7+ Kb3 54. Rxe5 Rhf8 55. Bf7+ Kc2 56. Re2+ Kc1 57. h5 Rd6 58. Ra7 Kb1 59. Bg6+ Nd3 60. Rd2 Rxg6 61. hxg6 Ne1+ 62. Kh3 Rh8+ 63. Rh7 Rf8 64. g7 Rc8 65. Rh8 1-0